000 01674cam a2200433 a 4500
001 53904
005 20230410120737.0
008 060918s2006 fr a b 000 0 fre
010 _a 2006509457
035 _a(OCoLC)ocm72757905
040 _aDLC
_cDLC
_dTZT
_dAUXAM
_dMUQ
020 _a2735110915
020 _a9782735110919
029 1 _aTZT
_bJTL00187079
029 1 _aAUXAM
_bAAL0364590-0001
035 _a(OCoLC)72757905
043 _as-bl---
050 1 4 _aHV 4075
_bV176f 2006
082 0 0 _a981
100 1 _aValladares, Licia do Prado.
245 1 3 _aLa favela d'un siecle á l'autre :
_bmythe d'origine, discours scientifiques et representations virtuelles /
_cLicia Valladares ; preface par Yves Grafmeyer.
260 _aParis :
_bMaison des sciences de l'homme,
_cc2006.
300 _a229 p. :
_bill. (some col.) ;
_c23 cm.
440 0 _aHorizons americains
504 _aIncludes bibliographical references (p. [185]-206).
650 0 _aSlums
_zBrazil
_zRio de Janeiro
_xHistory.
650 0 _aSociology, Urban
_zBrazil
_zRio de Janeiro.
650 0 _aUrban poor
_zBrazil
_zRio de Janeiro.
653 _aSocial history
_aBrazil
_a20th-21st century
650 6 _aTaudis
_zBresil
_zRio de Janeiro
_xHistoire.
650 6 _aSociologie urbaine
_zBresil
_zRio de Janeiro
_xHistoire.
650 6 _aPauvres en milieu urbain
_zBresil
_zRio de Janeiro.
938 _aJean Touzot Libraire Editeur
_bTOUZ
_nJTL00187079
_c23 EUR
938 _aAux Amateurs de Livres
_bAUXA
_nAAL0364590-0001
_c23,00 EUR
856 4 2 _3Más?... busque en WorldCat (solo desde FUNGLODE)
_uwww.firstsearch.oclc.org/fsip
942 _2lcc
_cbk
946 _amfcruz
994 _aC0
_bDRFGD
999 _c50995
_d50995